000 00249 a2200109 4500
001 12918
090 _c9901
_d9901
100 _aKulemin,G.P
245 _aMillimeter Wave Radar Targets and Clutter
260 _aLONDON
_bArtech House
_c2003
300 _axi, 327
942 _aNUST-CAE
999 _c247991
_d247991